[Event "Match"]
[Site "www.echecsemail.com"]
[Date "2016.07.13"]
[Round "1"]
[White "Iko"]
[Black "Romaamor69"]
[WhiteElo "1650"]
[BlackElo "1639"]
[Result "0-1"]
[Round "1"]
1.e4 e6
2.e5 d6
3.d4 dxe5
4.dxe5 Qd8xd1
5.Kxd1 Nb8d7
6.f4 Nd7b6
7.Bc1e3 Nb6d5
8.Be3d2 Bc8d7
9.b3 Bf8c5
10.Bf1c4 Nd5e3
11.Bd2xe3 Bc5xe3
12.Ng1e2 Bd7c6
13.g3 Bc6xh1
14.Nb1c3 O-O-O
15.Ke1 h5
16.Kf1 h4
17.Ra1e1 Be3d2
18.Re1d1 Bh1f3
19.Kf2 Bf3xe2
20.Kxe2 Bd2xc3
21.Rd1d3 Rd8xd3
22.Kxd3 hxg3
23.hxg3 Bc3e1
24.a4 Be1xg3
25.Ke3 Ng8e7
26.Kf3 Ne7f5
27.Bc4d3 Bg3e1
28.Ke2 Be1a5
29.Bd3b5 Nf5d4
30.Kd3 Nd4xb5
31.axb5 Rh8d8
32.Kc4 Ba5b6
33.b4 Rd8d4
34.Kc3 Rd4xf4
35.Kb3 g5
36.Kc3 Bb6d4
37.Kd3 Bd4xe5
38.Ke3 g4
39.c3 g3
40.c4 g2
41.c5 g1Q
42.Ke2 Qg1f2
43.Kd3 Rf4f3
44.Kc4 Qf2c2

0-1

[Event "Match"]
[Site "www.echecsemail.com"]
[Date "2016.07.13"]
[Round "1"]
[White "George1955"]
[Black "Chessnadja"]
[WhiteElo "2740"]
[BlackElo "2649"]
[Result "1/2-1/2"]
[Round "1"]
1.e4 c5
2.Ng1f3 e6
3.d4 cxd4
4.Nf3xd4 Ng8f6
5.Nb1c3 Bf8b4
6.e5 Nf6d5
7.Bc1d2 Nd5xc3
8.bxc3 Bb4e7
9.Qd1g4 Kf8
10.Bf1d3 h5
11.Qg4e2 d6
12.exd6 Qd8xd6
13.Nd4b5 Qd6d8
14.Bd2f4 Nb8c6
15.O-O a6
16.Nb5c7 Ra8b8
17.Ra1d1 e5
18.Bf4xe5 Bc8g4
19.f3 Be7c5
20.Kh1 Nc6xe5
21.Qe2xe5 Bc5d6
22.fxg4 Bd6xe5
23.Nc7e6 Ke7
{ draw }
1/2-1/2

[Event "Match"]
[Site "www.echecsemail.com"]
[Date "2016.07.13"]
[Round "1"]
[White "Cardiff"]
[Black "Jhzes"]
[WhiteElo "1840"]
[BlackElo "1960"]
[Result "0-1"]
[Round "1"]
1.d4 e6
2.e4 d5
3.exd5 exd5
4.Bf1d3 c5
5.c3 c4
6.Bd3c2 g6
7.Ng1f3 Bc8g4
8.O-O Bf8d6
9.Rf1e1 Ng8e7
10.h3 Bg4xf3
11.Qd1xf3 Qd8c7
12.Nb1d2 Nb8d7
13.Nd2f1 Qc7c6
14.Nf1g3 O-O
15.Bc1f4 Bd6xf4
16.Qf3xf4 Ra8e8
 { time }
0-1

[Event "Match"]
[Site "www.echecsemail.com"]
[Date "2016.07.13"]
[Round "1"]
[White "Sik"]
[Black "Cheminet"]
[WhiteElo "1830"]
[BlackElo "2010"]
[Result "0-1"]
[Round "1"]
1.c4 Ng8f6
2.Nb1c3 g6
3.d4 d6
4.Bc1g5 Bf8g7
5.e3 Nb8d7
6.Bf1d3 O-O
7.Ng1e2 b6
8.O-O c5
9.d5 Nd7e5
10.b3 Ne5xd3
11.Qd1xd3 a6
12.Ra1b1 e6
13.e4 Qd8c7
14.h3 Ra8b8
15.Rf1d1 Bc8b7
16.Bg5xf6 Bg7xf6
17.dxe6 fxe6
18.Qd3xd6 Qc7xd6
19.Rd1xd6 Bf6h4
 { time }
0-1

[Event "Match"]
[Site "www.echecsemail.com"]
[Date "2016.07.13"]
[Round "1"]
[White "Billyg"]
[Black "Bichoraro92"]
[WhiteElo "1620"]
[BlackElo "1499"]
[Result "0-1"]
[Round "1"]
1.e4 e5
2.Ng1f3 Ng8f6
3.d4 Nf6xe4
4.Qd1e2 d5
5.c4 c6
6.Nf3xe5 Bf8b4
7.Bc1d2 Qd8e7
8.f3 Ne4xd2
9.Nb1xd2 Bb4xd2
10.Kxd2 Qe7b4
11.Kc1 O-O
12.a3 Qb4e7
13.g3 Rf8e8
14.f4 f6
15.Qe2d2 fxe5
16.cxd5 exf4
17.Bf1d3 cxd5
18.Kc2 Nb8c6
19.Qd2c3 Qe7f6
20.Rh1f1 Nc6xd4
21.Kd2 f3
22.Ra1e1 Bc8h3
23.Re1xe8 Ra8xe8
24.Rf1f2 Bh3g2
25.Bd3c2 Nd4xc2
26.Qc3xc2 Qf6d4
27.Qc2d3 Qd4xf2
28.Kc3 Re8e3
{ resign }
0-1

[Event "1/16 Finale"]
[Site "www.chess-mail.com"]
[Date "2016.07.13"]
[Round "1"]
[White "Buchauer"]
[Black "Ecijaajedrez"]
[WhiteElo "2690"]
[BlackElo "2400"]
[Result "1-0"]
[Round "1"]
1.e4 c5
2.Ng1f3 d6
3.d4 cxd4
4.Nf3xd4 Ng8f6
5.Nb1c3 e6
6.g4 h6
7.h4 Nb8c6
8.Rh1g1 d5
9.exd5 Nf6xd5
10.Nc3xd5 Qd8xd5
11.Bf1g2 Qd5a5
12.Bc1d2 Qa5e5
13.Bd2e3 Bc8d7
14.Qd1d2 Nc6xd4
15.Qd2xd4 Qe5xd4
16.Be3xd4 Bd7c6
17.Bg2xc6 bxc6
18.Ra1d1 c5
19.Bd4c3 f6
20.Ke2 Bf8e7
21.h5 Ra8d8
22.Rd1xd8 Kxd8
23.Kd3 Kd7
24.Kc4 Rh8d8
25.b4 cxb4
26.Rg1d1 { resign }
1-0

[Event "Fast Game"]
[Site "www.echecsemail.com"]
[Date "2016.07.13"]
[Round "1"]
[White "Cal"]
[Black "Sachpat"]
[WhiteElo "1640"]
[BlackElo "1599"]
[Result "0-1"]
[Round "1"]
1.c4 Ng8f6
2.d4 c5
3.d5 g6
4.Nb1c3 Bf8g7
5.Ng1f3 O-O
6.e4 d6
7.h3 e6
8.Bc1g5 exd5
9.cxd5 Rf8e8
10.a3 Qd8a5
11.Bf1d3 Nf6xe4
12.O-O Ne4xc3
13.bxc3 Bg7xc3
14.Ra1a2 Bc8d7
15.a4 Nb8a6
16.Ra2c2 Bd7xa4
17.Bd3xa6 Qa5xa6
18.Bg5d2 Bc3g7
19.Nf3g5 Qa6d3
20.Qd1f3 Qd3xf3
21.Ng5xf3 Ba4xc2
22.Rf1c1 Bc2e4
23.Nf3h2 Be4xd5
24.Bd2f4 Bg7e5
25.Bf4xe5 Re8xe5
26.Nh2g4 Re5e6
27.Rc1d1 Bd5c6
28.Ng4e3 b5
29.Ne3g4 a5
30.f4 a4
31.Ng4h6 Kf8
32.f5 gxf5
33.Nh6xf5 Ra8d8
34.g4 a3
35.h4 Bc6f3
36.g5 Bf3xd1
{ resign }
0-1

[Event "Fast Game"]
[Site "www.echecsemail.com"]
[Date "2016.07.13"]
[Round "1"]
[White "Jhzes"]
[Black "Pwain"]
[WhiteElo "1650"]
[BlackElo "1599"]
[Result "0-1"]
[Round "1"]
1.c4 c5
2.d4 cxd4
3.Ng1f3 e5
4.Nf3xe5 Qd8a5
5.Nb1c3 Qa5xe5
6.Nc3b5 Bf8b4
7.Bc1d2 Nb8c6
8.f4 Qe5xf4
9.Bd2xb4 Nc6xb4
10.g3 Qf4e5
11.Bf1g2 a6
12.Nb5xd4 Qe5xd4
{ resign }
0-1

[Event "Tourn. n8864"]
[Site "www.chess-mail.com"]
[Date "2016.07.14"]
[Round "1"]
[White "Seger"]
[Black "Raven16"]
[WhiteElo "2740"]
[BlackElo "2240"]
[Result "1-0"]
[Round "1"]
1.d4 d5
2.c4 c6
3.Ng1f3 Ng8f6
4.Nb1c3 e6
5.Qd1d3 dxc4
6.Qd3xc4 b5
7.Qc4d3 Bf8d6
8.e4 Bd6c7
9.e5 Nf6d5
10.a3 O-O
11.Bf1e2 Bc8b7
12.Nf3g5 g6
13.Qd3h3 h5
14.Be2xh5 Kg7
15.Bh5xg6 Rf8h8
16.Qh3f3 Rh8f8
17.Nc3xd5 cxd5
18.Bg6xf7 Bb7c8
19.Qf3h5 Rf8h8
20.Ng5xe6 Bc8xe6
21.Qh5g6 Kf8
22.Bf7xe6 { resign }
1-0

[Event "Tourn. n8771"]
[Site "www.chess-mail.com"]
[Date "2016.07.14"]
[Round "1"]
[White "Claudia"]
[Black "Estonia"]
[WhiteElo "1830"]
[BlackElo "1950"]
[Result "1-0"]
[Round "1"]
1.d4 Ng8f6
2.c4 e6
3.Nb1c3 d5
4.cxd5 Nf6xd5
5.e4 Nd5b6
6.Ng1f3 Nb8c6
7.Bc1e3 Bf8b4
8.Bf1d3 O-O
9.O-O Nc6e7
10.a3 Bb4xc3
11.bxc3 Ne7g6
12.Qd1d2 Bc8d7
13.h3 Qd8e7
14.Nf3h2 Rf8d8
15.f4 f5
16.e5 Bd7c6
17.Nh2f3 Ng6h4
18.Bd3e2 Bc6xf3
19.Be2xf3 Nh4xf3
20.Rf1xf3 Nb6c4
21.Qd2e2 Nc4xa3
22.Qe2b2 Na3c4
23.Qb2xb7 Rd8b8
24.Qb7c6 Nc4xe3
25.Rf3xe3 Qe7e8
26.Qc6xc7 Rb8b2
27.Ra1xa7 Ra8xa7
28.Qc7xa7 Rb2b1
29.Kh2 h5
30.Re3g3 Qe8f7
31.Qa7xf7 Kxf7
32.Rg3d3 h4
33.c4 Rb1c1
34.c5 Ke7
35.g4 g6
36.gxf5 gxf5
37.Kg2 Kd7
38.Kf2 Kc6
39.Rd3b3 Kd5
40.Ke3 Rc1c2
41.Rb3b6 Rc2c3
42.Kd2 Rc3xh3
43.Rb6d6 Ke4
44.c6 Rh3d3
45.Kc2 Rd3a3
46.c7 { resign }
1-0

[Event "Tourn. n8828"]
[Site "www.chess-mail.com"]
[Date "2016.07.14"]
[Round "1"]
[White "Genius2"]
[Black "Madz123456"]
[WhiteElo "2110"]
[BlackElo "2240"]
[Result "0-1"]
[Round "1"]
1.e4 e5
2.Nb1c3 Nb8c6
3.Ng1f3 Bf8b4
4.Bf1b5 Ng8f6
5.d3 Nc6d4
6.Bb5c4 d5
7.exd5 b5
8.Bc4b3 Bc8g4
9.Bc1d2 Bg4xf3
 { time }
0-1

[Event "Tourn. n8684"]
[Site "www.chess-mail.com"]
[Date "2016.07.14"]
[Round "1"]
[White "Tonino1"]
[Black "Greghghs"]
[WhiteElo "2300"]
[BlackElo "2340"]
[Result "0-1"]
[Round "1"]
1.d4 Ng8f6
2.Ng1f3 g6
3.e3 Bf8g7
4.Bf1d3 O-O
5.b3 d6
6.Bc1b2 Nb8d7
7.Nb1d2 Rf8e8
8.O-O e5
9.e4 Nf6h5
10.g3 Nd7f8
11.c4 Bc8g4
12.d5 Bg7h6
13.Bd3e2 f5
14.Nf3e1 Bg4xe2
15.Qd1xe2 Nh5f6
16.Ne1g2 Bh6xd2
17.Qe2xd2 Nf6xe4
18.Qd2d3 Nf8d7
19.b4 Ne4g5
20.f4 Ng5f7
21.Ra1e1 c6
22.Re1e2 Qd8b6
23.Kh1 Qb6xb4
24.Rf1b1 Qb4a4
25.Qd3c3 cxd5
26.cxd5 Qa4xa2
27.Rb1a1 Qa2xd5
28.Qc3c7 Nd7c5
29.Bb2a3 Nc5e6
30.Qc7c3 Ra8c8
31.Qc3d2 Qd5xd2
32.Re2xd2 Ne6d4
33.Ra1b1 b5
34.Ba3b2 Nd4b3
35.Rd2d5 b4
36.fxe5 dxe5
37.Ng2e3 a5
38.Kg2 a4
39.Rd5b5 Rc8b8
40.Rb5xb8 Re8xb8
41.Ne3c2 Nb3c5
42.Bb2a3 e4
43.Rb1xb4 Rb8xb4
44.Ba3xb4 Nc5d3
45.Bb4a3 Nf7e5
46.Nc2e3 Kf7
47.Kf1 Ke6
48.Ke2 Ne5f3
49.h4 f4
50.gxf4 Nd3xf4
51.Kf1 Nf3xh4
52.Ne3c4 Nh4f3
53.Nc4b6 e3
54.Ba3b4 a3
55.Bb4xa3 e2
{ resign }
0-1

[Event "Tourn. n8880"]
[Site "www.chess-mail.com"]
[Date "2016.07.14"]
[Round "1"]
[White "Gatrooper"]
[Black "Jhzes"]
[WhiteElo "1760"]
[BlackElo "1870"]
[Result "0-1"]
[Round "1"]
1.e4 c5
2.d3 b5
3.a3 e6
4.e5 Nb8c6
5.Ng1f3 Nc6d4
6.Nf3xd4 cxd4
7.h3 Bc8b7
8.f3 Qd8h4
9.Kd2 g6
10.c3 Ra8c8
11.cxd4 Qh4f2
12.Bf1e2 Bf8h6
13.f4 Bh6xf4

0-1

[Event "Tourn. n8820"]
[Site "www.chess-mail.com"]
[Date "2016.07.14"]
[Round "1"]
[White "Genius2"]
[Black "Libiesse"]
[WhiteElo "2080"]
[BlackElo "2020"]
[Result "0-1"]
[Round "1"]
1.Ng1f3 d5
2.g3 e6
3.Bf1g2 Ng8f6
4.d4 Nb8d7
5.O-O c5
6.c3 Bf8e7
7.Bc1g5 O-O
8.e3 cxd4
9.exd4 b6
10.Nf3e5 Nd7xe5
11.dxe5 Nf6d7
12.Bg5xe7 Qd8xe7
13.Rf1e1 Bc8b7
14.Nb1d2 Rf8d8
15.Nd2b3 Ra8c8
16.Qd1e2 h6
 { time }
0-1

[Event "Tourn. n8871"]
[Site "www.chess-mail.com"]
[Date "2016.07.14"]
[Round "1"]
[White "Olddog55"]
[Black "Jhzes"]
[WhiteElo "1740"]
[BlackElo "1890"]
[Result "0-1"]
[Round "1"]
1.d4 Ng8f6
2.Ng1f3 e6
3.e3 c5
4.b3 cxd4
5.exd4 Nf6d5
6.Bf1e2 Bf8b4
7.c3 Nd5xc3
8.Qd1d2 Nc3d5
{ resign }
0-1

[Event "Tourn. n8792"]
[Site "www.chess-mail.com"]
[Date "2016.07.14"]
[Round "1"]
[White "Taxrama"]
[Black "A27l"]
[WhiteElo "1499"]
[BlackElo "1230"]
[Result "1-0"]
[Round "1"]
1.e4 e5
2.Ng1f3 d6
3.Bf1c4 h6
4.Nb1c3 c6
5.O-O Ng8f6
6.d3 Bf8e7
7.Bc1d2 O-O
8.a3 Nf6h7
9.Rf1e1 Be7g5
10.h3 Bg5xd2
11.Nf3xd2 Bc8e6
12.Bc4xe6 fxe6
13.Qd1g4 Qd8f6
14.f3 Nb8a6
15.b4 Na6c7
16.Nd2c4 Ra8d8
{ time. }
1-0

[Event "Tourn. n8835"]
[Site "www.chess-mail.com"]
[Date "2016.07.14"]
[Round "1"]
[White "Romaamor69"]
[Black "Darko10"]
[WhiteElo "2370"]
[BlackElo "2580"]
[Result "0-1"]
[Round "1"]
1.Ng1f3 d5
2.c4 e6
3.g3 dxc4
4.Bf1g2 a6
5.O-O Ng8f6
6.a4 Nb8c6
7.Nb1a3 Nc6a5
8.Qd1c2 Qd8d5
9.Rf1d1 Bc8d7
10.d4 Bd7c6
11.Nf3h4 Nf6e4
12.Bc1f4 O-O-O
13.Na3b5 axb5
14.axb5 Qd5xb5
15.Bg2xe4 Bc6xe4
16.Qc2xe4 Kb8
17.Ra1a2 Na5b3
18.Nh4f3 Bf8e7
19.Qe4c2 f6
20.Nf3d2 Nb3xd4
21.Rd1a1 Kc8
22.Qc2d1 c3
{ resign }
0-1

[Event "Tourn. n8849"]
[Site "www.chess-mail.com"]
[Date "2016.07.14"]
[Round "1"]
[White "Cal"]
[Black "Bichoraro92"]
[WhiteElo "1630"]
[BlackElo "1499"]
[Result "0-1"]
[Round "1"]
1.c4 f5
2.Ng1f3 Ng8f6
3.d3 e6
4.h3 d5
5.cxd5 exd5
6.a3 Bf8d6
7.Nb1c3 c6
8.e3 O-O
9.b4 Rf8e8
10.Bf1e2 Nb8d7
11.O-O Nd7e5
12.Nf3g5 h6
13.Ng5f3 Bc8e6
14.Nf3d4 Qd8c7
15.e4 fxe4
16.dxe4 Be6f7
17.Nd4f5 Ra8d8
18.f4 Ne5g6
19.e5 Ng6xe5
20.fxe5 Bd6xe5
21.Bc1xh6 gxh6
22.Nf5xh6 Kg7
23.Qd1d2 Bf7g6
24.Qd2g5 Be5d4
25.Kh1 Re8e5
26.Qg5xf6 Kxh6
27.Rf1f4 Re5e4
28.Nc3xe4 Bd4xf6
29.Ra1f1 dxe4
30.Rf4xf6 Rd8d7
31.Be2g4 Rd7f7
32.Bg4e6 Rf7xf6
33.Rf1xf6 Qc7e5
34.Rf6xg6 Kxg6
35.Be6c8 e3
36.Bc8xb7 e2
{ resign }
0-1

[Event "Tourn. n8828"]
[Site "www.chess-mail.com"]
[Date "2016.07.14"]
[Round "1"]
[White "Emiondi"]
[Black "Genius2"]
[WhiteElo "2170"]
[BlackElo "2110"]
[Result "1-0"]
[Round "1"]
1.d4 Ng8f6
2.c4 e6
3.Nb1c3 Bf8b4
4.Bc1g5 c5
5.d5 exd5
6.cxd5 Qd8a5
7.Bg5xf6 gxf6
8.Qd1c2 Bb4xc3
9.bxc3 d6
10.e4 Bc8d7
11.Bf1c4 b5
12.Bc4e2  { time }
1-0

[Event "Tourn. n8782"]
[Site "www.chess-mail.com"]
[Date "2016.07.14"]
[Round "1"]
[White "Wegaman"]
[Black "Claudia"]
[WhiteElo "1920"]
[BlackElo "1870"]
[Result "0-1"]
[Round "1"]
1.d4 d5
2.c4 e6
3.Nb1c3 Bf8e7
4.Ng1f3 Ng8f6
5.Bc1f4 O-O
6.e3 c5
7.dxc5 Be7xc5
8.Bf1e2 Nb8c6
9.O-O d4
10.exd4 Nc6xd4
11.Nf3xd4 Qd8xd4
12.Qd1xd4 Bc5xd4
13.Ra1c1 e5
14.Bf4g5 Bd4xc3
15.Rc1xc3 Nf6e4
16.Rc3g3 Ne4xg3
17.hxg3 Bc8e6
18.b3 f6
19.Bg5e3 b6
20.Be2f3 Ra8d8
21.c5 bxc5
22.Be3xc5 Rf8f7
23.Bf3e4 f5
24.Be4b1 Rd8d2
25.Bc5xa7 Rf7xa7
{ resign }
0-1

[Event "Tourn. n8813"]
[Site "www.chess-mail.com"]
[Date "2016.07.14"]
[Round "1"]
[White "Genius9"]
[Black "Umutkrc"]
[WhiteElo "1830"]
[BlackElo "1800"]
[Result "0-1"]
[Round "1"]
1.d4 a5
2.Ng1f3 c6
3.e3 d5
4.c4 Ng8f6
5.Nb1c3 e6
6.Bf1d3 dxc4
7.Bd3xc4 b5
8.Bc4d3 Qd8c7
9.O-O Nb8d7
10.Nc3e4 Nf6xe4
11.Bd3xe4 b4
12.a3 f5
13.Be4d3 bxa3
14.bxa3 c5
 { time }
0-1

[Event "Tourn. n8848"]
[Site "www.chess-mail.com"]
[Date "2016.07.14"]
[Round "1"]
[White "Ff333"]
[Black "Guidom"]
[WhiteElo "1980"]
[BlackElo "2030"]
[Result "1-0"]
[Round "1"]
1.e4 e5
2.Bf1c4 Nb8c6
3.h3 d6
4.c3 Ng8f6
5.d3 Bf8e7
6.Qd1b3 O-O
7.Ng1f3 Nc6a5
8.Qb3a4 Na5xc4
9.Qa4xc4 Bc8e6
10.Qc4b4 c5
11.Qb4xb7 Ra8b8
12.Qb7xa7 Rb8a8
13.Qa7b7 d5
14.O-O c4
15.Nf3xe5 dxe4
16.Ne5c6 Qd8xd3
17.Qb7xe7 Rf8e8
18.Qe7c5 Qd3d7
19.Nc6e5 Qd7b7
20.Nb1a3 Ra8c8
21.Qc5e3 Be6xh3
22.Qe3xh3 Re8xe5
23.Qh3g3 Qb7e7
24.Bc1h6 Nf6h5
25.Qg3g4 Rc8b8
26.Na3xc4 Re5c5
27.b3 Qe7f6
28.Bh6e3 Rc5f5
29.Be3d4 Qf6e6
30.Ra1e1 Rb8e8
31.Re1e3 g6
32.Rf1e1 Nh5f4
33.Re3xe4 Qe6xe4
34.Re1xe4 Re8xe4
35.Bd4e3 h5
36.Qg4d1 Rf5d5
37.Qd1f3 { resign }
1-0

[Event "Tourn. n8841"]
[Site "www.chess-mail.com"]
[Date "2016.07.14"]
[Round "1"]
[White "Osopanda"]
[Black "Kampungboy"]
[WhiteElo "2010"]
[BlackElo "2010"]
[Result "0-1"]
[Round "1"]
1.d4 Ng8f6
2.c4 g6
3.Nb1c3 d5
4.Ng1f3 Bf8g7
5.cxd5 Nf6xd5
6.e4 Nd5xc3
7.bxc3 c5
8.Bc1e3 O-O
9.Bf1c4 cxd4
10.cxd4 Bc8g4
11.O-O Nb8c6
12.Ra1b1 Nc6xd4
13.Be3xd4 Bg4xf3
14.Qd1xf3 Qd8xd4
15.Rf1c1 b6
16.e5 e6
17.Bc4a6 Qd4xe5
18.Rc1e1 Qe5a5
19.Ba6b7 Ra8d8
20.Qf3b3 Rd8d2
21.Rb1d1 Rf8d8
22.Bb7f3 Qa5c5
23.Rd1xd2 Rd8xd2
24.Re1f1 Bg7d4
25.Qb3a4 b5
26.Qa4a6 Rd2xf2
27.Rf1xf2 Qc5c1
{ resign }
0-1

[Event "Tourn. n8795"]
[Site "www.chess-mail.com"]
[Date "2016.07.14"]
[Round "1"]
[White "Jhzes"]
[Black "Panham"]
[WhiteElo "1930"]
[BlackElo "2200"]
[Result "0-1"]
[Round "1"]
1.e4 c6
2.f4 d5
3.exd5 cxd5
4.d4 Bc8f5
5.c4 e6
6.Qd1a4 Qd8d7
7.Qa4xd7 Nb8xd7
8.c5 Ra8c8
9.Nb1c3 b6
10.cxb6 Nd7xb6
11.Bf1a6 Rc8b8
12.Nc3b5 Kd8
13.Nb5xa7 Bf8b4
14.Kf1 Ng8e7
15.Ba6e2 Nb6c4
16.Ng1f3 Rb8b7
17.Be2xc4 dxc4
18.Nf3e5 Kc7
19.Ne5xf7 Rh8f8
20.Nf7e5 Rb7xa7
21.Bc1e3 Kb8
22.d5 Ra7c7
23.Be3b6 Rc7b7
24.a4 Bf5d3
25.Ne5xd3 Rb7xb6
26.Nd3xb4 Rb6xb4
27.d6 Ne7d5
28.g3 Kc8
29.Ra1e1 Kd7
30.Re1e2 Rb4xa4
31.Kg2 Kxd6
32.Rh1d1 g6
33.h4 Rf8b8
34.Rd1e1 Rb8e8
35.Re2e5 Re8e7
36.Re1e4 Ra4b4
37.Kh3 Kc5
38.Re5xe6 Re7xe6
39.Re4xe6 Rb4xb2
40.Kg4 c3
41.Re6e1 Kb4
42.h5 Nd5f6
43.Kg5 Nf6xh5
44.g4 c2
45.Re1c1 Nh5xf4
46.Kxf4 Kc3
47.Ke3 Rb2b1
48.Rc1xc2 Kxc2
49.Ke2 Rb1g1
50.Kf3 h5
51.gxh5 gxh5
{ resign }
0-1

[Event "Tourn. n8843"]
[Site "www.chess-mail.com"]
[Date "2016.07.14"]
[Round "1"]
[White "Bigrezi"]
[Black "Falcoale"]
[WhiteElo "1780"]
[BlackElo "1660"]
[Result "1-0"]
[Round "1"]
1.e4 c5
2.Ng1f3 Nb8c6
3.d4 cxd4
4.Nf3xd4 e6
5.a3 Ng8f6
6.Nb1c3 d5
7.exd5 Nf6xd5
8.Nc3xd5  { time }
1-0

[Event "Tourn. n8831"]
[Site "www.chess-mail.com"]
[Date "2016.07.14"]
[Round "1"]
[White "Gatrooper"]
[Black "Falcoale"]
[WhiteElo "1630"]
[BlackElo "1530"]
[Result "1-0"]
[Round "1"]
1.e4 c5
2.c4 Nb8c6
3.Ng1f3 e6
4.Nb1c3 b6
5.d3 Bc8b7
6.Bc1g5 f6
7.Bg5e3 Nc6e5
8.Nf3xe5 fxe5
9.h3 Ng8f6
10.Be3g5 Bf8e7
11.Bg5xf6 Be7xf6
12.a3 O-O
13.h4 Bf6xh4
14.g3 Qd8f6
15.Qd1e2 Bh4g5
16.f4 exf4
17.Qe2h5 fxg3
18.Qh5xh7  { time }
1-0

[Event "Tourn. n8805"]
[Site "www.chess-mail.com"]
[Date "2016.07.14"]
[Round "1"]
[White "Sandokam"]
[Black "Raven16"]
[WhiteElo "2070"]
[BlackElo "2170"]
[Result "1-0"]
[Round "1"]
1.e4 c5
2.g3 d6
3.Bf1g2 Nb8c6
4.d3 Ng8f6
5.Ng1e2 e6
6.O-O Bf8e7
7.Nb1d2 O-O
8.Nd2f3 Bc8d7
9.c3 Ra8c8
10.Qd1c2 d5
11.a3 d4
12.c4 e5
13.Bc1d2 h6
14.h3 Nf6e8
15.Ra1b1 f5
16.Nf3e1 fxe4
17.dxe4 Be7g5
18.Ne1d3 b6
19.b3 Ne8d6
20.f3 Qd8e7
21.Qc2c1 Bg5xd2
22.Qc1xd2 Rf8f7
23.Rb1e1 Rc8f8
24.f4 exf4
25.Ne2xf4 Qe7g5
26.Kh2 Kh7
27.h4 Qg5d8
28.e5 Nd6f5
29.e6 Rf7f6
30.exd7 Qd8xd7
31.Nf4d5 Rf6f7
32.Nd3e5 Nc6xe5
33.Re1xe5 Nf5d6
34.Rf1xf7 Rf8xf7
35.Qd2d3 Kh8
36.Nd5f4 Rf7f6
37.Nf4g6 { resign }
1-0

[Event "Tourn. n8853"]
[Site "www.chess-mail.com"]
[Date "2016.07.14"]
[Round "1"]
[White "Bojan"]
[Black "Fred"]
[WhiteElo "1960"]
[BlackElo "1980"]
[Result "1-0"]
[Round "1"]
1.b3 e5
2.Bc1b2 e4
3.Nb1c3 d5
4.e3 Ng8f6
5.d3 Bf8b4
6.Ng1e2 Bc8g4
7.h3 Bg4h5
8.Qd1d2 Nb8c6
9.a3 Bb4a5
10.Ne2f4 Bh5g6
11.Nf4xg6 fxg6
12.b4 Ba5b6
13.Nc3a4 O-O
14.Na4xb6 axb6
15.Bf1e2 exd3
16.cxd3 Qd8e7
17.Be2f3 Nc6xb4
18.axb4 c6
19.O-O Ra8e8
20.Ra1a7 b5
21.Bb2d4 Rf8f7
22.Bd4c5 Qe7e6
23.Rf1a1 h6
24.Ra7a8 Re8xa8
25.Ra1xa8 Kh7
26.Qd2c2 Nf6d7
27.Bf3g4 Qe6f6
28.Bc5d4 Qf6d6
29.Qc2c3 Nd7f6
30.Bd4e5 Qd6e7
31.Bg4f3 Qe7e6
32.Be5d4 g5
33.Ra8a7 g4
34.hxg4 Nf6xg4
35.e4 dxe4
36.Bf3xe4 g6
37.Ra7a8 Ng4f6
38.Be4f3 g5
39.Bd4c5 Kg6
40.d4 Nf6d5
41.Qc3d3 Kg7
42.Bf3h5 Qe6e1
43.Kh2 Nd5f4
44.Qd3d1 Qe1xf2
45.Bh5f3 g4
46.d5 Qf2h4
47.Kg1 gxf3
48.Bc5d4 Rf7f6
49.Qd1xf3 Nf4e2
50.Qf3xe2 Qh4xd4
51.Kh1 Qd4xd5
52.Ra8e8 Qd5g5
53.Re8e3 Qg5h4
54.Kg1 Qh4d4
55.Kh2 Rf6f4
56.Re3g3 Kf6
57.Rg3h3 Qd4e5
58.Rh3xh6 Kg7
59.Qe2xe5 Kxh6
60.Qe5xf4 { resign }
1-0

[Event "Tourn. n8814"]
[Site "www.chess-mail.com"]
[Date "2016.07.14"]
[Round "1"]
[White "Kampungboy"]
[Black "Didpa"]
[WhiteElo "2130"]
[BlackElo "1430"]
[Result "1-0"]
[Round "1"]
1.e4 e5
2.f4 Ng8f6
3.Ng1f3 d6
4.Nb1c3 Bc8g4
5.h3 Bg4xf3
6.Qd1xf3 Nb8c6
7.Bf1b5 Qd8d7
8.d3 O-O-O
9.Bc1e3 Kb8
10.O-O-O a6
11.Bb5a4 g6
12.fxe5 Nf6h5
13.g4 Nh5g7
14.d4 dxe5
15.d5 Qd7e7
16.dxc6 bxc6
17.Ba4xc6 Rd8xd1
18.Rh1xd1 Ng7e6
19.Qf3e2 Ne6d8
20.Rd1xd8 Qe7xd8
21.Qe2xa6 { resign }
1-0

[Event "Tourn. n8768"]
[Site "www.chess-mail.com"]
[Date "2016.07.14"]
[Round "1"]
[White "Libiesse"]
[Black "Shlomo"]
[WhiteElo "1900"]
[BlackElo "1770"]
[Result "1-0"]
[Round "1"]
1.d4 d5
2.c4 e6
3.Ng1f3 Nb8c6
4.cxd5 exd5
5.Nb1c3 Bf8e7
6.Qd1b3 Ng8f6
7.Bc1f4 Bc8f5
8.Ra1c1 O-O
9.e3 Nc6a5
10.Qb3d1 Be7d6
11.Bf4xd6 Qd8xd6
12.Nc3b5 Qd6b4
13.Nb5c3 c5
14.Qd1d2 Rf8e8
15.Bf1e2 Na5c4
16.Be2xc4 Qb4xc4
17.Nf3e5 Qc4b4
18.Rh1g1 Nf6e4
19.Nc3xe4 dxe4
20.Qd2xb4 cxb4
21.Kd2 f6
22.Ne5c4 Re8e7
23.b3 a5
24.Nc4d6 g6
25.Rc1c5 b6
26.Nd6xf5 gxf5
27.Rc5xf5 Re7c7
28.Rg1c1 Rc7xc1
29.Kxc1 a4
30.Rf5xf6 axb3
31.axb3 b5
32.Kb2 Kg7
33.Rf6e6 h5
34.Re6xe4  { time }
1-0

[Event "Tourn. n8859"]
[Site "www.chess-mail.com"]
[Date "2016.07.14"]
[Round "1"]
[White "Cardiff"]
[Black "Gatrooper"]
[WhiteElo "1770"]
[BlackElo "1610"]
[Result "0-1"]
[Round "1"]
1.Ng1f3 Nb8c6
2.e4 e5
3.Bf1b5 a6
4.Bb5xc6 dxc6
5.d4 Bc8g4
6.dxe5 Qd8xd1
7.Kxd1 Bg4xf3
 { time }
0-1

[Event "Tourn. n8873"]
[Site "www.chess-mail.com"]
[Date "2016.07.14"]
[Round "1"]
[White "Picifarkinca"]
[Black "Sachpat"]
[WhiteElo "1980"]
[BlackElo "1809"]
[Result "0-1"]
[Round "1"]
1.Ng1f3 Ng8f6
2.g3 c5
3.Bf1g2 Nb8c6
4.O-O e5
5.d3 d5
6.Nb1d2 Bf8e7
7.e3 O-O
8.Qd1e2 Rf8e8
9.c3 b6
10.b3 Bc8e6
11.Bc1b2 Ra8c8
12.Ra1c1 e4
13.dxe4 dxe4
14.Nf3g5 Be6g4
15.f3 exf3
16.Ng5xf3 Qd8d7
17.Kh1 Rc8d8
18.Nd2c4 Nf6e4
19.Rc1d1 Qd7xd1
20.Rf1xd1 Rd8xd1
21.Bg2f1 Re8d8
22.Kg2 Ne4g5
23.Nc4d2 Rd8xd2
24.Qe2xd2 Bg4xf3
{ resign }
0-1

[Event "Tourn. n8805"]
[Site "www.chess-mail.com"]
[Date "2016.07.14"]
[Round "1"]
[White "Sandokam"]
[Black "Hundegana"]
[WhiteElo "2070"]
[BlackElo "1990"]
[Result "1-0"]
[Round "1"]
1.e4 c5
2.g3 d6
3.Bf1g2 Qd8c7
4.d3 g6
5.Ng1e2 Bf8g7
6.O-O Ng8f6
7.c3 Bc8d7
8.Nb1d2 Nb8c6
9.Qd1c2 O-O
10.Nd2f3 h6
11.h3 e5
12.Bc1e3 a5
13.Ra1c1 b6
14.Nf3h2 Qc7c8
15.g4 Nf6h7
16.f4 f5
17.exf5 gxf5
18.fxe5 dxe5
19.gxf5 Rf8xf5
20.Rf1f3 Rf5xf3
21.Bg2xf3 Bd7xh3
22.Qc2b3 Kh8
23.Qb3xb6 Ra8a6
24.Qb6xc5 Nh7f6
25.Qc5c4 Bh3e6
26.Qc4h4 Qc8f8
27.Rc1f1 Qf8g8
28.Kf2 Qg8h7
29.Rf1g1 Be6xa2
30.Nh2g4 Nf6xg4
31.Rg1xg4 Qh7xd3
32.Be3xh6 Bg7xh6
33.Qh4xh6 Qd3h7
34.Qh6f8 Ba2g8
35.Qf8f6 { resign }
1-0

[Event "Match"]
[Site "www.echecsemail.com"]
[Date "2016.07.14"]
[Round "1"]
[White "Gilliere"]
[Black "Paco"]
[WhiteElo "2040"]
[BlackElo "1880"]
[Result "1/2-1/2"]
[Round "1"]
1.d4 d5
2.Ng1f3 Nb8c6
3.e3 Bc8f5
4.a3 Ng8f6
5.Nb1c3 e6
6.h3 Bf8d6
7.Bf1b5 O-O
8.Bb5xc6 bxc6
9.O-O Nf6e4
10.Nc3xe4 dxe4
11.Nf3d2 Bf5xh3
12.gxh3 Qd8h4
13.Qd1g4 Qh4e7
14.Nd2xe4 f5
15.Qg4g5 fxe4
16.Qg5xe7 Bd6xe7
17.Kg2 Rf8f5
18.f4 Ra8f8
19.Bc1d2 Be7h4
20.Bd2e1 g5
21.Be1xh4 gxh4
22.Rf1g1 c5
23.Kh2 Kf7
24.c3 cxd4
25.cxd4 Rf5a5
26.Rg1g4 c5
27.dxc5 Ra5xc5
28.Ra1b1 h5
29.Rg4g5 Rc5c2
30.Kg1 Rf8d8
31.Rg5xh5 Rd8g8
{ draw }
1/2-1/2

[Event "Match"]
[Site "www.echecsemail.com"]
[Date "2016.07.14"]
[Round "1"]
[White "Sundar"]
[Black "Geodad5"]
[WhiteElo "2150"]
[BlackElo "2120"]
[Result "0-1"]
[Round "1"]
1.d4 d5
2.c4 e6
3.e3 Ng8f6
4.Nb1d2 c5
5.Ng1f3 Nb8c6
6.b3 cxd4
7.exd4 dxc4
8.bxc4 Nc6xd4
9.Bc1b2 Nd4xf3
10.Qd1xf3 Bf8e7
11.Bf1e2 O-O
12.Ra1d1 Bc8d7
13.O-O Bd7c6
14.Qf3c3 Qd8c7
15.Nd2f3 Ra8d8
16.Nf3e5 Bc6a4
 { time }
0-1

[Event "Match"]
[Site "www.echecsemail.com"]
[Date "2016.07.14"]
[Round "1"]
[White "Daquata"]
[Black "Kevinking"]
[WhiteElo "1750"]
[BlackElo "1890"]
[Result "1-0"]
[Round "1"]
1.e4 e6
2.d4 d5
3.Nb1c3 Ng8f6
4.Bc1g5 Bf8e7
5.e5 Nf6d7
6.Bg5xe7 Qd8xe7
7.f4 a6
8.Ng1f3 c5
9.Bf1e2 Nb8c6
10.O-O O-O
11.Qd1d2 cxd4
12.Nf3xd4 Nc6xd4
13.Qd2xd4 Qe7c5
14.Ra1d1 b5
15.b4 Qc5xd4
16.Rd1xd4 Bc8b7
17.Be2g4 Ra8c8
18.Rf1f3  { time }
1-0

[Event "Match"]
[Site "www.echecsemail.com"]
[Date "2016.07.14"]
[Round "1"]
[White "Fangshuo"]
[Black "Karpov35"]
[WhiteElo "2090"]
[BlackElo "1809"]
[Result "0-1"]
[Round "1"]
1.e4 e6
2.Ng1f3 d5
3.Nb1c3 d4
4.Nc3b5 c5
5.d3 Nb8c6
6.Bc1f4 Qd8a5
7.c3 Qa5xb5
8.Bf1e2 Ng8f6
9.O-O Bf8e7
10.cxd4 cxd4
11.Qd1c2 O-O
12.a4 Qb5b6
13.Ra1b1 Nf6d7
14.Nf3d2 e5
15.Bf4g3 Nd7f6
16.Nd2c4 Qb6c7
17.f4 exf4
18.Rf1xf4 Qc7d8
19.Rb1f1 Bc8e6
20.Bg3h4 Nf6d7
21.Bh4xe7 Qd8xe7
22.Rf1f3 Nc6e5
23.Rf3g3 Ne5g6
24.Rf4f1 Ra8c8
25.b3 Nd7e5
26.Qc2b2 Rf8d8
27.Nc4d2 Qe7c5
28.Qb2b1 Qc5c2
29.Qb1e1 Be6xb3
30.Nd2xb3 Qc2xb3
{ resign }
0-1